Negociaciones de cambio climático internacional y política ambiental nacional: el caso de Costa Rica /

Enregistré dans:
Détails bibliographiques
Auteur principal: Tattembach C., Franz
Format: Texte
Sujets:
Tags: Ajouter un tag
Pas de tags, Soyez le premier à ajouter un tag!

MARC

LEADER 00000 a a2200000 04500
001 14122
003
040
100 |a Tattembach C., Franz  
245 |a Negociaciones de cambio climático internacional y política ambiental nacional:   |b el caso de Costa Rica /  |c Franz Tattembach C. 
650 |a NEGOCIACIONES INTERNACIONALES  
650 |a POLITICA AMBIENTAL  
650 |a MEDIO AMBIENTE  
650 |a PARTICIPACION SOCIAL  
650 |a DETERIORO AMBIENTAL  
650 |a SECTOR PRIVADO  
773 |g número 36; páginas 113-124  
999 |c 31071  |d 31071